000 00217 a2200097 4500
001 21510
100 _aTweney, C. F.
245 _aChamber's technical dictionary
260 _a
_bChambers
_c1963
090 _c15135
_d15135
942 _aNUST-CAE
_cM
_c5709
999 _c256583
_d256583